| 000 | 01958nam a2200565 i 4500 | ||
|---|---|---|---|
| 001 | 35644 | ||
| 003 | KOSZ 005 | ||
| 005 | 20240405063111.0 | ||
| 008 | 231006s1994 pl a g 000 0 pol | ||
| 015 | _aUWD 1995/2023 | ||
| 020 | _a838610001X | ||
| 035 | _a991000017849705066 | ||
| 035 | _a(PL-WaBN)b10017999-48omnis_nlop | ||
| 035 | _ab10017999 | ||
| 035 | _a(OCoLC)750693989 | ||
| 035 | _a(PL)b0000001001799 | ||
| 035 | _a(EXLNZ-48OMNIS_NETWORK)9910161772305606 | ||
| 040 |
_aWA N _cWA N _dKOSZ 005/RW |
||
| 045 | _b1944 | ||
| 046 | _k1994 | ||
| 080 | _a94(438).082 | ||
| 080 | _a94(438).082.218 | ||
| 080 | _a355(438) | ||
| 100 | 1 |
_aBaczyński, Tadeusz _d(1923-2013) _eAutor |
|
| 245 | 1 | 0 |
_aBatalion Armii Krajowej "Zaremba-Piorun" w Powstaniu Warszawskim / _cTadeusz Baczyński. |
| 260 |
_aWarszawa : _b"Adiutor", _c1994. |
||
| 300 |
_a125, [3] stron : _bportrety ; _c21 cm. |
||
| 336 |
_aTekst _btxt _2rdacontent |
||
| 337 |
_aBez urządzenia pośredniczącego _bn _2rdamedia |
||
| 338 |
_aWolumin _bnc _2rdacarrier |
||
| 380 | _aKsiążki | ||
| 380 | _aLiteratura faktu, eseje, publicystyka | ||
| 388 | 1 | _a1901-2000 | |
| 388 | 1 | _a1989-2000 | |
| 500 | _aZawiera także fragmenty wspomnień żołnierzy batalionu. | ||
| 504 | _aBibliografia na stronie [127]. | ||
| 610 | 2 | 7 |
_aBatalion "Zaremba-Piorun" (Armia Krajowa) _2DBN |
| 648 | 7 |
_a1901-2000 _2DBN |
|
| 648 | 7 |
_a1939-1945 _2DBN |
|
| 650 | 7 |
_aII wojna światowa (1939-1945) _2DBN |
|
| 650 | 7 |
_aPowstanie warszawskie (1944) _2DBN |
|
| 651 | 7 | _aWarszawa (woj. mazowieckie) | |
| 655 | 7 | _aOpracowanie | |
| 658 | _aBezpieczeństwo i wojskowość | ||
| 658 | _aHistoria | ||
| 710 | 2 |
_aOficyna Wydawnicza Adiutor, Rafał Stolarski _4pbl |
|
| 856 |
_uhttp://koha.tu.koszalin.pl/cgi-bin/koha/opac-detail.pl?biblionumber=35644 _yKatalog online BPK |
||
| 942 |
_2UKD _cKS |
||
| 999 |
_c35644 _d35644 |
||